|
|
|
|
| LEADER |
00000nam a2200000 a 4500 |
| 001 |
vtls001339884 |
| 003 |
SK-MaSNL |
| 005 |
20260301235902.0 |
| 008 |
251113s1989 xr 0 cze |
| 020 |
|
|
|a 8070220023
|
| 035 |
|
|
|a SNK000292962
|
| 040 |
|
|
|a SNK
|b slo
|c SNK
|e AACR2
|
| 041 |
0 |
|
|a cze
|
| 044 |
|
|
|a CZ
|
| 080 |
|
|
|a 894.545-31=850
|2 1981
|
| 100 |
1 |
|
|a Beekman, Vladimir,
|d 1929-2009
|4 aut
|9 219319
|
| 245 |
1 |
|
|a Rok osla
|c Vladimir Beekman ; z eston. orig. přel. Naděžda Slabihoudová
|
| 250 |
|
|
|a 2. vyd.
|
| 260 |
|
|
|a Praha
|b Lidové nakl.
|c 1989
|
| 300 |
|
|
|a 295, [1] s.
|c 8°
|
| 490 |
1 |
|
|a Lidová knihovna
|v sv. 87
|
| 830 |
|
0 |
|a Lidová knihovna
|9 294814
|
| 919 |
|
|
|a 80-7022-002-3
|
| 958 |
|
|
|a RK
|
| 958 |
|
|
|a OND
|
| 999 |
|
|
|c 977049
|d 978979
|
| 952 |
|
|
|t P60, <04>, [BOOK], {604}
|a SNK
|b SNK
|y VYP
|7 0
|o snkID 89829 D1
|i snkKIP 13568/89
|0 0
|1 0
|4 0
|d 1998-08-20
|l 0
|r 2005-01-02 00:00:00
|w 2026-02-24
|
| 952 |
|
|
|t P60, <04>, [BOOK], {604}
|a SNK
|b SNK
|y VYP
|7 0
|o snkID 89829
|i snkKIP 13567/89
|0 0
|1 0
|4 0
|d 1998-08-20
|l 0
|r 2005-01-02 00:00:00
|w 2026-02-24
|